Catálogo
 En Linea

A mansalva de los años / (Registro nro. 18802)

Detalles MARC
000 -CABECERA
campo de control de longitud fija 00783nam a2200229 a 4500
001 - NÚMERO DE CONTROL
campo de control 000019284
003 - IDENTIFICADOR DEL NÚMERO DE CONTROL
campo de control OSt
005 - FECHA Y HORA DE LA ÚLTIMA TRANSACCIÓN
campo de control 20200929165955.0
008 - DATOS DE LONGITUD FIJA--INFORMACIÓN GENERAL
campo de control de longitud fija 100531s1990 cu 000 0 spa d
040 ## - FUENTE DE LA CATALOGACIÓN
Centro catalogador/agencia de origen DO-SdBNP
Lengua de catalogación spa
Centro/agencia transcriptor BNPHU
100 1# - ENTRADA PRINCIPAL--NOMBRE DE PERSONA
Nombre de persona Feria, Lina de,
9 (RLIN) 41474
245 10 - MENCIÓN DE TÍTULO
Título A mansalva de los años /
Mención de responsabilidad, etc. Lina de Feria ; edición Bertha Hernández, prólogo José Prats Sariol.
260 ## - PUBLICACIÓN, DISTRIBUCIÓN, ETC.
Lugar de publicación, distribución, etc. La Habana :
Nombre del editor, distribuidor, etc. Unión de Escritores y Artistas de Cuba,
Fecha de publicación, distribución, etc. 1990.
300 ## - DESCRIPCIÓN FÍSICA
Extensión 170 p. ;
Dimensiones 19 cm.
490 1# - MENCIÓN DE SERIE
Mención de serie Conteporáneos
500 ## - NOTA GENERAL
Nota general Incluye datos biográficos de la autora en la contracoportada.
590 ## - NOTA LOCAL (RLIN)
Nota local Inventariado, 2020 / DG
700 1# - PUNTO DE ACCESO ADICIONAL--NOMBRE DE PERSONA
Nombre de persona Hernández, Bertha
Término indicativo de función/relación ed.
9 (RLIN) 41475
700 1# - PUNTO DE ACCESO ADICIONAL--NOMBRE DE PERSONA
Nombre de persona Prats Sariol, José
Término indicativo de función/relación pról.
9 (RLIN) 41476
910 ## - DATOS DE OPCIÓN DEL USUARIO (OCLC)
Datos de opción del usuario En catalogaciòn
942 ## - ELEMENTOS DE PUNTO DE ACCESO ADICIONAL (KOHA)
Fuente del sistema de clasificación o colocación Dewey Decimal Classification
Tipo de ítem Koha Libros y folletos
Existencias
Estado de retiro Estado de pérdida Fuente del sistema de clasificación o colocación Restricciones de uso No para préstamo Código de colección Localización permanente Ubicación/localización actual Ubicación en estantería Fecha de adquisición Fuente de adquisición Número de inventario Total de préstamos Signatura topográfica completa Código de barras Fecha visto por última vez Precio válido a partir de Tipo de ítem Koha Número de copia
    Dewey Decimal Classification   Excluido de préstamo Monografías: Libros y Folletos General General En catalogación 31.05.2010 Donaciòn LF1   19284-10 25.06.2020 25.06.2020 No se presta  
    Dewey Decimal Classification   Excluido de préstamo Monografías: Libros y Folletos General General En catalogación 31.05.2010 Donaciòn LF1   19284-20 25.06.2020 25.06.2020 No se presta e. 2
  Extraviado       Monografías: Libros y Folletos General General Extraviado 06.04.2017   LF1   19284-30 25.06.2020 25.06.2020 Préstamo en sala e. 3

Con tecnología Koha